Choose the Ballon D’or and UEFA Champions league /European cup winners - Statistics

General Stats
  • This quiz has been taken 32 times
  • The average score is 35 of 46
Answer Stats
Hint Answer % Correct
Rodri Yes
97%
Lionel Messi Yes
97%
Karim Benzema Yes
97%
Luka Modric Yes
97%
Cristiano Ronaldo Yes
97%
Zinedine Zidane Yes
97%
Johan Cruyff Yes
97%
Kaka Yes
94%
Ronaldinho Yes
94%
Andriy Shevchenko Yes
94%
Marco Van Basten Yes
94%
Gerd Muller Yes
94%
Franz Beckenbauer Yes
90%
Alfredo Di Stefano Yes
90%
Luis Figo Yes
87%
Michel Platini Yes
87%
Karl-Heinz Rummenigge Yes
87%
George Best Yes
87%
Eusebio Yes
87%
Ruud Gullit Yes
84%
Bobby Charlton Yes
84%
Rivaldo Yes
81%
Jean-Pierre Papin Yes
81%
Oleg Blokhin No
74%
Hristo Stoichkov Yes
74%
Denis Law Yes
74%
Luis Suarez Yes
74%
Igor Belanov No
71%
Allan Simonsen No
71%
Paolo Rossi Yes
71%
Kevin Keegan Yes
71%
Raymond Kopa Yes
71%
Gianni Rivera Yes
68%
Pavel Nedved No
65%
Lev Yashin No
65%
Michael Owen No
61%
Josef Masopust No
61%
Stanley Matthews No
61%
Matthias Sammer Yes
61%
Omar Sivori No
58%
Fabio Cannavaro No
55%
Ronaldo No
55%
Roberto Baggio No
52%
Florian Albert No
52%
George Weah No
39%
Lothar Matthaus No
35%
No matching quizzes found
Score Distribution
Percent of People with Each Score
Percentile by Number Answered
Your Score History
You have not taken this quiz